[Event "Let's Play Chess!"]
[Site "http://www.queenalice.com/game.php?id=896463"]
[Date "2011.2.6"]
[Round "-"]
[White "kisarsk"]
[Black "guidovall"]
[Result "0-1"]
[WhiteElo "1675"]
[BlackElo "1902"]

1. d4 d5 2. e3 Nf6 3. Be2 Nc6 4. Nf3 Bf5 5. Bd3 Bxd3 6. Qxd3 g6 7. Nc3 Bg7 8. h3
O-O 9. b3 Nb4 10. Qd2 a6 11. Bb2 Bh6 12. Ba3 Nc6 13. O-O-O b5 14. b4 a5 15. Nxb5
axb4 16. Bb2 Rxa2 17. Kb1 Qa8 18. c3 b3 19. Ne1 Ne4 20. Qe2 Rb8 21. Na3 Nxc3+
22. Bxc3 Rxe2 23. Bb2 Rxf2 24. Rd3 Na5 25. g4 Nc4 0-1

[Event "Challenge"]
[Site "http://www.queenalice.com/game.php?id=896863"]
[Date "2011.2.6"]
[Round "-"]
[White "plot24"]
[Black "guidovall"]
[Result "0-1"]
[WhiteElo "1883"]
[BlackElo "1807"]

1. e4 e5 2. Nf3 Nc6 3. Nc3 Nf6 4. a3 Bc5 5. h3 d5 6. exd5 Nxd5 7. Bc4 Be6 8. Ne4
Bb6 9. O-O O-O 10. Qe2 Nf4 0-1

[Event "Challenge"]
[Site "http://www.queenalice.com/game.php?id=902244"]
[Date "2011.2.18"]
[Round "-"]
[White "guidovall"]
[Black "Samuelfs57"]
[Result "0-1"]
[WhiteElo "1931"]
[BlackElo "1945"]

1. e3 e5 2. d4 e4 3. c4 c6 4. b3 d5 5. Nd2 Bb4 6. Ne2 Bg4 7. g3 Bf3 8. Rg1 Bc3
9. Rb1 Nf6 10. Ba3 Ng4 11. h3 Nh2 12. Qc2 Bxd2+ 13. Qxd2 Bh5 14. Qb4 Na6 15.
Qxb7 Qa5+ 16. b4 Nf3+ 17. Kd1 Qa4+ 18. Kc1 Qxa3+ 19. Rb2 O-O 20. Rg2 Rfb8 21.
Qxc6 Nxb4 0-1

[Event "Challenge"]
[Site "http://www.queenalice.com/game.php?id=903906"]
[Date "2011.2.22"]
[Round "-"]
[White "Samuelfs57"]
[Black "guidovall"]
[Result "0-1"]
[WhiteElo "1944"]
[BlackElo "1888"]

1. e4 e6 2. d4 d5 3. e5 c5 4. c3 Nc6 5. Nf3 Bd7 6. Bb5 Nxe5 7. Bxd7+ Nxd7 8. Ng5
Bd6 9. Qf3 Ngf6 10. O-O Qc7 11. g3 h6 12. Nh3 O-O 13. Qe2 e5 14. dxe5 Nxe5 15.
Bxh6 gxh6 16. Qe3 Kg7 17. Nd2 Rfe8 18. Nf3 Qd7 19. Kg2 Nc4 20. Qc1 Re2 21. b3
Ne3+ 22. Kh1 Qxh3 23. Rg1 Nfg4 24. Qf1 Nxf1 0-1

[Event "Let's Play Chess!"]
[Site "http://www.queenalice.com/game.php?id=903913"]
[Date "2011.2.22"]
[Round "-"]
[White "betanio"]
[Black "guidovall"]
[Result "1-0"]
[WhiteElo "1425"]
[BlackElo "2030"]

1. d4 Nf6 2. c4 e6 3. Nf3 g6 4. Nc3 Bg7 5. e4 d5 6. cxd5 exd5 7. e5 Nfd7 8. Bg5
f6 9. Bh4 O-O 10. Bb5 c6 11. Ba4 b5 12. Bc2 Ba6 13. b4 Qe7 14. O-O Qxb4 15. exf6
Nxf6 16. Qd3 Qa5 17. Qd2 Nbd7 18. Nb1 b4 19. a3 Bxf1 20. Kxf1 Rae8 21. Qxb4 Qa6+
22. Kg1 Ne4 23. Nbd2 c5 24. Qb3 Bxd4 25. Qxd5+ Qe6 26. Qxe6+ Rxe6 27. Nxd4 Rd6
28. Nxe4 Rxd4 29. Re1 c4 30. Be7 Rc8 31. Nd6 Rc6 32. Nb5 Rd2 33. Ba4 Nb6 34.
Nxa7 Rc7 35. Bb4 Ra2 36. Nb5 Rc6 37. Nc3 Nxa4 38. Nxa2 Rb6 39. Re8+ Kf7 40. Re7+
Kg8 41. Rc7 Nb2 42. Rc8+ Kf7 43. Rc7+ Kg8 44. Nc3 Re6 45. Nd5 Nd3 46. Ne3 Ne5
47. Nxc4 Nd3 48. Kf1 Re4 49. Nd6 Rd4 50. Rc4 Rd5 51. Ne4 Rb5 52. Rc8+ Kg7 53.
Bf8+ 1-0

[Event "Let's Play Chess!"]
[Site "http://www.queenalice.com/game.php?id=904079"]
[Date "2011.2.22"]
[Round "-"]
[White "cass"]
[Black "guidovall"]
[Result "0-1"]
[WhiteElo "1835"]
[BlackElo "1989"]

1. e4 e6 2. Nf3 d5 3. d3 dxe4 4. dxe4 Qxd1+ 5. Kxd1 Bc5 6. Be3 Bxe3 7. fxe3 Nf6
8. Nc3 Nc6 9. Bb5 Bd7 10. e5 Ng4 11. Ke2 Ngxe5 12. Nxe5 Nxe5 13. Rad1 O-O-O 14.
Bxd7+ Rxd7 15. Nb5 Kb8 16. Rhf1 Rxd1 17. Rxd1 f5 18. Nd4 Re8 19. g3 c5 20. Nb3
c4 21. Nd4 a6 22. c3 b5 23. b4 Kc7 24. Nf3 Nxf3 25. Kxf3 Rd8 26. Rxd8 Kxd8 27.
Kf4 Ke7 28. e4 fxe4 29. Kxe4 Kf6 30. h4 e5 31. a3 h5 32. Kf3 Kf5 33. Ke3 e4 34.
Ke2 Kg4 35. Kf2 e3+ 36. Kxe3 Kxg3 37. Kd4 Kxh4 38. Kc5 g5 39. Kb6 g4 40. Kxa6 g3
41. Kxb5 g2 42. a4 g1=Q 43. a5 Kg4 44. a6 Kf4 45. Ka5 Qg5+ 46. b5 Qc5 47. Ka4
Qb6 48. Kb4 Qd6+ 49. Kxc4 Ke4 50. Kb3 Qc5 51. c4 Kd4 52. Ka4 Kxc4 0-1

[Event "Challenge"]
[Site "http://www.queenalice.com/game.php?id=904983"]
[Date "2011.2.24"]
[Round "-"]
[White "guidovall"]
[Black "marcelosilva"]
[Result "1-0"]
[WhiteElo "2008"]
[BlackElo "1919"]

1. c4 e5 2. Nc3 Nc6 3. g3 g6 4. Bg2 Bg7 5. e4 Nf6 6. Nf3 O-O 7. O-O d6 8. b3 Re8
9. d3 h6 10. Be3 Bg4 11. Qd2 Nd4 12. Nxd4 exd4 13. Bxd4 Qd7 14. f3 Bh3 15. Be3
Bxg2 16. Kxg2 c6 17. Bxh6 Nh5 18. Bxg7 Kxg7 19. g4 Nf6 20. Ne2 d5 21. cxd5 cxd5
22. Qc3 Rac8 23. Qb2 g5 24. h4 Kg6 25. h5+ Kg7 26. h6+ Kg6 27. Rh1 Rh8 28. Rh5
Nxh5 29. gxh5+ Kxh6 30. Qf6+ Kh7 31. Nd4 dxe4 32. Nf5 exf3+ 33. Kh1 1-0

[Event "Let's Play Chess!"]
[Site "http://www.queenalice.com/game.php?id=904985"]
[Date "2011.2.24"]
[Round "-"]
[White "plot24"]
[Black "guidovall"]
[Result "0-1"]
[WhiteElo "1863"]
[BlackElo "1934"]

1. d4 Nf6 2. e3 c5 3. Nc3 d5 4. Bb5+ Bd7 5. dxc5 e6 6. Nf3 Bxc5 7. Bd2 Bxb5 8.
Nxb5 O-O 9. b4 Be7 10. Nbd4 Nbd7 11. O-O Nb6 12. Ng5 Rc8 13. c3 Qd7 14. Re1 e5
15. Nb3 Nc4 16. Rc1 h6 17. Nf3 e4 18. Nfd4 Nb2 0-1

[Event "Let's Play Chess!"]
[Site "http://www.queenalice.com/game.php?id=904986"]
[Date "2011.2.24"]
[Round "-"]
[White "guidovall"]
[Black "plot24"]
[Result "1-0"]
[WhiteElo "1964"]
[BlackElo "1865"]

1. Nf3 e6 2. d4 d5 3. e3 Bd6 4. Bd3 Nd7 5. Nc3 c6 6. a3 e5 7. e4 exd4 8. Nxd4
dxe4 9. Nxe4 Ne5 10. Bf4 Nf6 11. Bg5 Be7 12. Bxf6 Bxf6 13. c3 c5 14. Nxc5 O-O
15. O-O b6 16. Na4 a5 17. Be4 1-0

[Event "Challenge"]
[Site "http://www.queenalice.com/game.php?id=909542"]
[Date "2011.3.7"]
[Round "-"]
[White "Pero"]
[Black "guidovall"]
[Result "1-0"]
[WhiteElo "2084"]
[BlackElo "2051"]

1. e4 e5 2. Nf3 Nc6 3. Nc3 g6 4. Bb5 Nf6 5. d3 Bg7 6. Bg5 O-O 7. Nd5 a6 8. Bc4
d6 9. O-O b5 10. Bb3 Be6 11. Nxf6+ Bxf6 12. Bxe6 fxe6 13. Bh6 Bg7 14. Qd2 d5 15.
Bxg7 Kxg7 16. Ng5 Qe7 17. Rae1 Rad8 18. c3 h6 19. Nf3 Qd6 20. d4 Rf4 21. Nxe5
Rxe4 22. Rxe4 dxe4 23. Nxc6 Qxc6 24. Qf4 Qd5 25. Qxc7+ Rd7 26. Qa5 Qc6 27. Qa3
Rf7 28. Re1 Kh7 29. h3 Kg7 30. Qa5 Rf6 31. b3 Rf5 32. c4 Rf8 33. Qc3 Rf6 34. c5
Qd5 35. Qe3 e5 36. dxe5 Qxe5 37. f3 a5 38. Rc1 Rc6 39. Qxe4 Qxe4 40. fxe4 Kf6
41. Kf2 Ke5 42. Ke3 h5 43. a3 g5 44. b4 axb4 45. axb4 h4 46. Rd1 Ra6 47. Rd5+
Ke6 48. Kd4 Ra4 49. c6 Rxb4+ 50. Kc5 Rxe4 51. Rxg5 Rc4+ 52. Kxb5 Rc2 53. Kb6 Ke7
54. c7 Kd6 55. Rg6+ Kd7 56. Rg7+ Kd6 57. Kb7 Rb2+ 58. Kc8 Ke6 59. Kd8 Rd2+ 60.
Ke8 Rc2 61. Re7+ Kf6 62. Kd8 1-0

[Event "Let's Play Chess!"]
[Site "http://www.queenalice.com/game.php?id=909625"]
[Date "2011.3.7"]
[Round "-"]
[White "guidovall"]
[Black "lafasouza"]
[Result "1-0"]
[WhiteElo "2030"]
[BlackElo "1739"]

1. e4 e5 2. Nc3 Nc6 3. f4 d6 4. Nf3 Bg4 5. Bb5 Ne7 6. O-O a6 7. Bc4 Nd4 8. Bxf7+
Kd7 9. Nxe5+ dxe5 10. Qxg4+ Kc6 11. fxe5 Qb8 12. Bb3 Nxb3 13. axb3 b5 14. d4 Kb7
15. Be3 b4 16. Na4 Qa7 17. Nc5+ Kb8 18. Nd7+ Kb7 19. Qe2 Kc8 20. Nxf8 Kb7 21.
Ne6 g6 22. d5 Qb8 23. Nc5+ Kc8 24. Qg4+ Kd8 25. Qd7# 1-0

[Event "Let's Play Chess!"]
[Site "http://www.queenalice.com/game.php?id=909626"]
[Date "2011.3.7"]
[Round "-"]
[White "cazzo"]
[Black "guidovall"]
[Result "1-0"]
[WhiteElo "2492"]
[BlackElo "2030"]

1. d4 d5 2. c4 c6 3. Nf3 Nf6 4. Qb3 e6 5. Nc3 Be7 6. g3 O-O 7. Bg2 c5 8. cxd5
exd5 9. dxc5 Nc6 10. O-O d4 11. Rd1 Bxc5 12. Bg5 h6 13. Bxf6 Qxf6 14. Ne4 Qe7
15. Nxc5 Qxc5 16. Rac1 Qb4 17. Qxb4 Nxb4 18. a3 Nc6 19. Nxd4 Nxd4 20. Rxd4 Re8
21. Rc7 Rb8 22. e3 Kf8 23. b4 g6 24. h4 Re7 25. Rd8+ Re8 26. Rxe8+ Kxe8 27. Bd5
Bd7 28. Rxb7 Rxb7 29. Bxb7 Ke7 30. e4 Kd6 31. f4 f6 32. Kf2 Bg4 33. Bd5 Ke7 34.
Bb3 Bd7 35. Ke3 Bc8 36. b5 h5 37. Bd5 Bg4 38. a4 Bd7 39. Kd4 Be8 40. Kc5 Bd7 41.
a5 f5 42. b6 axb6+ 43. axb6 Bc8 44. e5 Kd7 45. b7 Bxb7 46. Bxb7 Ke7 47. Bd5 1-0

[Event "Let's Play Chess!"]
[Site "http://www.queenalice.com/game.php?id=909688"]
[Date "2011.3.7"]
[Round "-"]
[White "guidovall"]
[Black "sivic79"]
[Result "1/2-1/2"]
[WhiteElo "2045"]
[BlackElo "2026"]

1. e4 e6 2. d4 a6 3. Nf3 d5 4. exd5 exd5 5. Bd3 Be7 6. O-O Nf6 7. c4 dxc4 8.
Bxc4 O-O 9. Qd3 Nc6 10. Bg5 h6 11. Bxf6 Bxf6 12. Rd1 Bg4 13. Nc3 Bxf3 14. Qxf3
Qe8 15. d5 Ne5 16. Qe4 Qd7 17. Bd3 Nxd3 18. Rxd3 Rfe8 19. Qf3 Re7 20. h3 Rae8
21. Rdd1 b5 22. b4 Bxc3 23. Qxc3 Qf5 24. d6 cxd6 25. Rxd6 Re6 26. Rxe6 Rxe6 27.
Re1 Rxe1+ 28. Qxe1 f6 29. Qe8+ Kh7 30. a3 Qd3 31. Qe6 Qxa3 32. Qe4+ Kg8 33. Qe8+
Kh7 34. Qe4+ Kg8 35. Qe8+ Kh7 36. Qe4+ 1/2-1/2

[Event "Let's Play Chess!"]
[Site "http://www.queenalice.com/game.php?id=909693"]
[Date "2011.3.7"]
[Round "-"]
[White "sivic79"]
[Black "guidovall"]
[Result "0-1"]
[WhiteElo "1995"]
[BlackElo "2037"]

1. d4 d5 2. Nc3 Nf6 3. h3 e6 4. e3 Bb4 5. Bd2 O-O 6. Bd3 Nc6 7. Nf3 Bd7 8. O-O
Bxc3 9. Bxc3 a6 10. Re1 Ne4 11. Bxe4 dxe4 12. Ne5 f6 13. Nxd7 Qxd7 14. Qg4 Qd5
15. Qg3 Qd6 16. f4 Ne7 17. Rad1 Nd5 18. Bd2 Nb4 19. Bxb4 Qxb4 20. b3 Qa5 21. a4
Rad8 22. Qf2 Qb4 23. Qe2 c5 24. dxc5 Qxc5 25. Kh1 Qc3 26. g4 e5 27. f5 g6 28.
Kg2 Kg7 29. h4 Qc8 30. Rf1 Rxd1 31. Qxd1 Rd8 32. Qe2 Qc3 33. Rd1 Rxd1 34. Qxd1
Qxe3 35. Qd7+ Kh6 36. Qf7 Qf3+ 37. Kh2 Qxg4 38. Qf8+ Kh5 39. fxg6 Qxh4+ 40. Kg2
Qg4+ 41. Kf1 Qd1+ 42. Kf2 Qxc2+ 43. Kf1 Qd1+ 44. Kf2 Qf3+ 45. Ke1 e3 46. Qd6
Qf2+ 47. Kd1 e2+ 0-1

[Event "Challenge"]
[Site "http://www.queenalice.com/game.php?id=911562"]
[Date "2011.3.11"]
[Round "-"]
[White "guidovall"]
[Black "cazzo"]
[Result "0-1"]
[WhiteElo "2030"]
[BlackElo "2493"]

1. e4 c5 2. Nf3 e6 3. d4 cxd4 4. Nxd4 a6 5. Bd3 Bc5 6. Nc3 Bxd4 7. O-O Nc6 8.
Be3 Bxe3 9. fxe3 Qg5 10. Qd2 Nd4 11. Qf2 Nc6 12. Qd2 Nf6 13. Be2 b5 14. a3 O-O
15. Rf3 Qe5 16. Rf4 Bb7 17. Raf1 Rac8 18. Bd3 Ne7 19. Rd1 Ng6 20. Rff1 d5 21.
Be2 Nxe4 22. Nxe4 dxe4 23. c3 Qg5 24. Qd4 Nh4 25. Rf2 Nf3+ 26. Bxf3 Rfd8 27. h4
Qxh4 28. Bh5 Rxd4 29. Bxf7+ Kh8 30. cxd4 Bd5 31. Re1 g6 32. a4 bxa4 33. Ref1 Qg3
34. Re2 Kg7 35. Kh1 Bc4 36. Bxe6 Bxe6 37. d5 Bxd5 38. Kg1 Bc4 39. Rc1 Bxe2 40.
Rxc8 Qxe3+ 0-1

[Event "Challenge"]
[Site "http://www.queenalice.com/game.php?id=911832"]
[Date "2011.3.12"]
[Round "-"]
[White "cazzo"]
[Black "guidovall"]
[Result "1-0"]
[WhiteElo "2494"]
[BlackElo "2030"]

1. d4 d5 2. c4 dxc4 3. Nf3 Nf6 4. e3 c5 5. Bxc4 e6 6. Qe2 cxd4 7. exd4 Nc6 8.
O-O Nxd4 9. Nxd4 Qxd4 10. Rd1 Qb6 11. Bb5+ Bd7 12. Bxd7+ Nxd7 13. Nc3 Rc8 14.
Be3 Qa5 15. Ne4 Be7 16. Qg4 f5 17. Qxg7 Qe5 18. Qh6 Qxe4 19. Qh5+ Kd8 20. Rd4
Qc6 21. Rad1 Rg8 22. Rxd7+ Qxd7 23. Rxd7+ Kxd7 24. Qxh7 a5 25. h4 Rh8 26. Qg7
Rcg8 27. Qd4+ Ke8 28. Bg5 Bxg5 29. hxg5 Rh7 30. f4 Rd7 31. Qc5 Kf7 32. Qxa5 Rc8
33. Qe5 Rc6 34. Kh2 Kg8 35. g6 Rd8 36. Kg3 Rd3+ 37. Kh4 Rd7 38. Kg5 Rcd6 39. a4
Rc6 40. Kh6 Rcd6 41. a5 Kf8 42. Qh8+ Ke7 43. g7 e5+ 44. Kg5 1-0

[Event "Challenge"]
[Site "http://www.queenalice.com/game.php?id=912612"]
[Date "2011.3.14"]
[Round "-"]
[White "cazzo"]
[Black "guidovall"]
[Result "1-0"]
[WhiteElo "2498"]
[BlackElo "2030"]

1. d4 Nf6 2. c4 e6 3. Nf3 d5 4. g3 Bb4+ 5. Bd2 Be7 6. Qc2 O-O 7. Bg2 dxc4 8.
Qxc4 a6 9. O-O b5 10. Qc2 Bb7 11. Rc1 Bd6 12. Bg5 Nbd7 13. a4 Qb8 14. Nbd2 Rc8
15. Qd3 c5 16. axb5 axb5 17. Qxb5 Rxa1 18. Rxa1 cxd4 19. Nxd4 Bxg2 20. Kxg2 Qxb5
21. Nxb5 Bb4 22. Nf3 Rb8 23. Bxf6 Nxf6 24. Na3 Rc8 25. Ne5 Nd5 26. Nb5 Bf8 27.
Nd7 Nb4 28. Ra3 Be7 29. Rc3 Rd8 30. Rc7 f6 31. Rb7 Kf7 32. Nc5 f5 33. Na7 Ra8
34. Nd7 Kg8 35. f4 Bf6 36. Nxf6+ gxf6 37. Kf3 h5 38. Kg2 Nc2 39. Kh3 Nd4 40. Kh4
Rf8 41. b4 e5 42. e3 Nc2 43. Nc6 Kh8 44. Kxh5 Nxe3 45. fxe5 fxe5 46. Nxe5 Rf6
47. Kg5 Re6 48. Ng6+ Kg8 49. h4 Re4 50. h5 Nd5 51. Kh6 1-0

[Event "Challenge"]
[Site "http://www.queenalice.com/game.php?id=914127"]
[Date "2011.3.18"]
[Round "-"]
[White "guidovall"]
[Black "cazzo"]
[Result "0-1"]
[WhiteElo "2030"]
[BlackElo "2503"]

1. c4 e6 2. Nf3 d5 3. b3 c5 4. e3 Nc6 5. Bb2 Nf6 6. cxd5 exd5 7. Nc3 Be7 8. d4
O-O 9. Be2 cxd4 10. Nxd4 Bc5 11. O-O Nxd4 12. exd4 Bd6 13. Qd3 Re8 14. Bf3 Be6
15. Nb5 Bb8 16. Rae1 a6 17. Nc3 Qd6 18. Re5 Nd7 19. Rh5 g6 20. Rh4 Bc7 21. Bc1
Ba5 22. Qd2 h5 23. Re1 Rac8 24. Bb2 Bd8 25. Rh3 Bf6 26. Rxe6 Qxe6 27. Kf1 Bg5
28. Qd1 Nf6 29. Rg3 Bf4 30. Rh3 Ng4 31. Bxd5 Qf5 32. Bxb7 Rxc3 33. Rxc3 Nxf2 34.
g4 Nxg4 35. Ba3 Bd2+ 36. Rf3 Ne3+ 37. Ke2 Qb5+ 38. Kxd2 Nxd1 0-1

[Event "Challenge"]
[Site "http://www.queenalice.com/game.php?id=914635"]
[Date "2011.3.19"]
[Round "-"]
[White "cazzo"]
[Black "guidovall"]
[Result "1-0"]
[WhiteElo "2508"]
[BlackElo "2035"]

1. d4 d5 2. c4 dxc4 3. e3 Nf6 4. Bxc4 e6 5. Nf3 c5 6. Qe2 a6 7. dxc5 Bxc5 8. O-O
O-O 9. e4 b5 10. Bd3 Nc6 11. Nbd2 e5 12. a4 bxa4 13. Rxa4 Qd7 14. b3 Nh5 15. Nc4
Re8 16. Rd1 Qc7 17. Be3 Nf4 18. Bxf4 exf4 19. e5 Be6 20. Nd6 Red8 21. Bxh7+ Kf8
22. Ng5 Bxb3 23. Rxf4 Bxd6 24. exd6 Rxd6 25. Re1 Qe7 26. Re4 Qd8 27. Qe3 Rd3 28.
Re8+ Qxe8 29. Qc5+ Ne7 30. Bxd3 Rc8 31. Nh7+ 1-0